A history of India, Volume-1/ (Record no. 20694)

MARC details
000 -LEADER
fixed length control field 00713cam a2200253 4500
001 - CONTROL NUMBER
control field 1228939
003 - CONTROL NUMBER IDENTIFIER
control field BDDh-ASL
005 - DATE AND TIME OF LATEST TRANSACTION
control field 20231015025925.0
008 - FIXED-LENGTH DATA ELEMENTS--GENERAL INFORMATION
fixed length control field 731001m19669999enkbe b 000 0 eng
010 ## - LIBRARY OF CONGRESS CONTROL NUMBER
LC control number 67088064
040 ## - CATALOGING SOURCE
Original cataloging agency DLC
Transcribing agency DLC
Modifying agency DLC
-- BDDh-ASL
043 ## - GEOGRAPHIC AREA CODE
Geographic area code a-ii---
050 00 - LIBRARY OF CONGRESS CALL NUMBER
Classification number DS436
Item number .T372
082 00 - DEWEY DECIMAL CLASSIFICATION NUMBER
Classification number 954
Item number THH
100 1# - MAIN ENTRY--PERSONAL NAME
Personal name Thapar, Romila.
245 12 - TITLE STATEMENT
Title A history of India, Volume-1/
260 ## - PUBLICATION, DISTRIBUTION, ETC.
Place of publication, distribution, etc. [Harmondsworth] :
Name of publisher, distributor, etc. Penguin Books,
Date of publication, distribution, etc. 1966-
300 ## - PHYSICAL DESCRIPTION
Extent V-1, 381 p. :
Other physical details maps, plans.
Dimensions 19 cm.
490 0# - SERIES STATEMENT
Series statement Pelican books, A769
504 ## - BIBLIOGRAPHY, ETC. NOTE
Bibliography, etc. note Bibliography: v. 1, p. 353-[368]
651 #0 - SUBJECT ADDED ENTRY--GEOGRAPHIC NAME
Geographic name India
General subdivision History.
906 ## - LOCAL DATA ELEMENT F, LDF (RLIN)
a 7
b cbc
c orignew
d u
e opcn
f 19
g y-gencatlg
942 ## - ADDED ENTRY ELEMENTS (KOHA)
Source of classification or shelving scheme Dewey Decimal Classification
Koha item type Books
Holdings
Withdrawn status Lost status Source of classification or shelving scheme Damaged status Not for loan Collection code Home library Current library Shelving location Date acquired Source of acquisition Serial Enumeration / chronology Total Checkouts Full call number Barcode Date last seen Copy number Price effective from Koha item type Public note
    Dewey Decimal Classification   Not For Loan Non-fiction Asiatic Society Library Asiatic Society Library Ludden Collection 01/13/2021 Donated by Prof. David Ludden V-1   954 THH 104167 01/13/2021 C-1 01/13/2021 Books RARE
    Dewey Decimal Classification     Non-fiction Asiatic Society Library Asiatic Society Library General Stacks 02/27/2021 ASB Library Collections V-1   954 THH 106694 02/27/2021 C-2 02/27/2021 Books RARE
    Dewey Decimal Classification     Non-fiction Asiatic Society Library Asiatic Society Library General Stacks 04/25/2023 Donated by Professor Rana Razzaque V-1   954 THH 120869 04/25/2023 C-3 04/25/2023 Books  

Powered by Koha